Principles of Reaction Engineering (Record no. 564714)

000 -LEADER
fixed length control field 00373nam a2200133Ia 4500
008 - FIXED-LENGTH DATA ELEMENTS--GENERAL INFORMATION
fixed length control field 210430s9999 xx 000 0 und d
020 ## - INTERNATIONAL STANDARD BOOK NUMBER
International Standard Book Number 81-87316-70-5
082 ## - DEWEY DECIMAL CLASSIFICATION NUMBER
Classification number 660.28 D269 P
100 ## - MAIN ENTRY--PERSONAL NAME
Personal name S.D.Dawande
9 (RLIN) 54227
245 ## - TITLE STATEMENT
Title Principles of Reaction Engineering
Statement of responsibility, etc. S.D.Dawande
260 ## - PUBLICATION, DISTRIBUTION, ETC.
Place of publication, distribution, etc. Nagpur
Name of publisher, distributor, etc. Central Techno Publications
Date of publication, distribution, etc. 2003
300 ## - PHYSICAL DESCRIPTION
Extent 713p.
942 ## - ADDED ENTRY ELEMENTS (KOHA)
Koha item type Book
Source of classification or shelving scheme
Holdings
Withdrawn status Lost status Damaged status Not for loan Collection code Permanent Location Current Location Shelving location Date acquired Total Checkouts Full call number Barcode Date last seen Date last checked out Price effective from Koha item type
          School of Chemical & Materials Engineering (SCME) School of Chemical & Materials Engineering (SCME) General Stacks   2 660.28 D269 P SCME-3934 06/13/2025 09/06/2024 04/30/2021 Book
© 2023 Central Library, National University of Sciences and Technology. All Rights Reserved.